000 00375nam a2200145Ia 4500
008 240624s9999 xx 000 0 und d
041 _aeng
082 _a510 BRA
100 _aBRADLEY TERESA
245 _aESSENTIAL MATHEMATICS FOR ECONOMICS AND
250 _a(2nd ed.)
260 _c2007
_aNew Delhi
_bWiley India
300 _axvii, , 637 , 25 , p. , cm.
365 _cRS
_b30
999 _c6791
_d6791